000 00761nam a2200253Ia 4500
003 OSt
005 20221005091443.0
006 a|||||r|||| 00| 0
007 ta
008 221004b |||||||| |||| 00| 0 eng d
020 _a9781137307026 (hbk)
_c4683
024 _a22272
037 _b12187, 24/03/2015, Elite Publishers Distributors
_cTextual
040 _aCRL
_cCRL
_beng
041 _2eng
_aeng
082 _aR193, Q3
100 _aCurrie Mark
_953054
245 0 _aInvention of deconstruction
260 _aNew York
_bPalgrave macmillan U.S.A.
_c2013
300 _avi, 252p.
_ccm.
650 _aPHILOSOPHY
942 _hR193, Q3
_cTEXL
_2cc
999 _c997279
_d997279